لغة الجسد في الحديث النبوي / (رقم التسجيلة. 247633)

تفاصيل مارك
000 -الفاتح
عناصر البيانات ثابتة الطول 01005nam a22002657i 4500
005 - تاريخ ووقت آخر معاملة
حقل ضبط 20251231102139.0
008 - عناصر البيانات ثابتة الطول
عناصر البيانات ثابتة الطول 250906s2021 jo ||||gr|||| 00| 0 ara d
020 ## - الترقيم الدولي المعياري للكتب (ردمك)
الترقيم الدولي المعياري للكتب (ردمك) 9789923321423
040 ## - مصدر الفهرسة
هيئة الفهرسة الأصلية JO-AmGAM
قواعد الوصف rda
082 14 - رقم تصنيف ديوي العشري
رقم التصنيف 213.63
رقم المادة م ص ا
100 1# - مدخل رئيسي – اسم شخصي
الاسم الشخصي مصالحة، مروان أحمد
علاقة الشخص بالعمل/ دوره مؤلف.
245 10 - بيان العنوان
العنوان لغة الجسد في الحديث النبوي /
بيان المسؤولية الدكتور مروان أحمد مصالحة ؛ مراجعة لغوية مشهور عباس خطيب.
250 ## - بيان الطبعة
بيان الطبعة الطبعة الأولى.
264 31 - بيانات النشر، التوزيع…إلخ
مكان النشر، التوزيع...إلخ عمان :
اسم الناشر، الموزع...إلخ دار يافا العلمية للنشر والتوزيع،
تاريخ النشر، التوزيع...إلخ 2021.
300 ## - الوصف المادي
عدد الوحدات المكونة للوعاء 107 صفحة.
336 ## - نوع المحتوى
المصدر rdacontent
مصطلح نوع المحتوى نص
كود نوع المحتوى txt
337 ## - نوع الوسيط
المصدر rdamedia
مصطلح نوع الوسيط دون وسيط عرض
كود نوع الوسيط n
338 ## - نوع الحامل
المصدر rdacarrier
مصطلح نوع الحامل مجلد
كود نوع الحامل nc
650 17 - مدخل إضافي بالموضوع - مصطلح موضوعي
مصطلح موضوعي أو اسم جغرافي كعنصر مدخل لغة الجسد.
650 17 - مدخل إضافي بالموضوع - مصطلح موضوعي
مصطلح موضوعي أو اسم جغرافي كعنصر مدخل الإيماءات.
650 17 - مدخل إضافي بالموضوع - مصطلح موضوعي
مصطلح موضوعي أو اسم جغرافي كعنصر مدخل الحديث الشريف.
700 1# - مدخل إضافي - اسم شخصي
الاسم الشخصي خطيب، مشهور عباس
علاقة الشخص بالعمل/ دوره مراجع.
942 ## - بيانات إضافية (كوها)
نوع التنصيف Dewey Decimal Classification
نوع المادة (كوها) كتب
المقتنيات
حالة السحب حالة الفقدان مصدر التصنيف حالة التلف غير قابل للإعارة المكتبة الرئيسية المكتبة الحالية موقع الرف تاريخ التزويد مصدر التزويد العملة التكلفة، سعر الشراء العادي الرقم المتسلسل Total Checkouts رقم الإستدعاء الباركود تاريخ آخر ظهور التكلفة وسعر الاستبدال تاريخ الفاتورة نوع المادة (كوها)
    Dewey Decimal Classification     مكتبة الجويدة مكتبة الجويدة الإعارة 21/12/2025 56 JOD 4.20 1799311   213.63 / م ص ا PLD00929007 21/12/2025 6.00 21/12/2025 كتب
Implemented & Customized by: BBB with SCIT (Smart Chains for Information Technology)

Powered by Koha